000 00469nam a22001697a 4500
003 NUST - PNEC
005 20170116181012.0
008 150913b xxu||||| |||| 00| 0 eng d
020 _a0675213355
040 _cLIBRARY
082 _a621.395 COO
100 _910236
_a Cook, Nigel P.
245 _a Laboratory manual to accompany introductory digital electronics
_cNigel P. Cook
260 _cc.1998
650 _910241
_aDigital electronics
_xEL
942 _2ddc
_cBK
999 _c67126
_d67126